00614nam a22002177a 4500001000500000005001700005040002900022050001400051082001100065100001700076245006400093260004200157300002200199520008300221521001600304521001600320650001000336650000900346650001000355700003100365203820231101160848.0 aFISKHbengcFISKHdFISKH aPZ8.W4125 a813.54 aWeeks, Sarah aDrip, drop /cstory by Sarah Weeks pictures by Jane Manning aNew York:bScholastic,cDecember 2001 a32 pages :c21 cm aPip Squeak the mouse is kept awake all night by the drips from his leaky roof. a280bLexile aEbRaz-Plus 2mouse 2mice 2sleep aManning, JanecIllustrator